000
00209 a2200097 4500
001
18734
100
_a
Najeeb
245
_a
Tarikh e Islam Vol I II
260
_a
_b
Nafees academy
_c
1970
090
_c
13892
_d
13892
942
_a
NUST-CAE
_c
M
_c
4327
999
_c
253807
_d
253807